[Event "Titled Tuesday intern op 30th Apr Early"]
[Site "Chess.com INT"]
[Date "2024.04.30"]
[Round "6"]
[White "Aradhya, Garg"]
[Black "Skliarov, Viktor"]
[Result "1-0"]
[WhiteElo "2385"]
[BlackElo "2345"]
[PlyCount "67"]
[EventDate "2024.04.30"]
[EventType "swiss (blitz)"]
[EventRounds "11"]
[EventCountry "USA"]
[SourceTitle "CB19_2024"]
[SourceDate "2024.05.08"]
[SourceVersion "1"]
[SourceVersionDate "2024.05.08"]
[SourceQuality "1"]

1. d4 Nf6 2. c4 e6 3. Nf3 b6 4. a3 Bb7 5. Nc3 d5 6. Qc2 Be7 7. cxd5 Nxd5 8. e4 Nxc3 9. bxc3 c5 10. Bb5+ Bc6 11. Bd3 Nd7 12. 0-0 Rc8 13. d5 exd5 14. exd5 Bxd5 15. Rd1 Qc7 16. Bb5 Bc6 17. Bxc6 Qxc6 18. Re1 Kf8 19. Bf4 h5 20. Rad1 g6 21. Qe2 Bf6 22. Rd6 Qa4 23. Qd2 Kg7 24. Rxd7 Rhd8 25. Bh6+ Kg8 26. Rd1 Rxd7 27. Qxd7 Qxd7 28. Rxd7 Bxc3 29. Ng5 Bb2 30. Nxf7 c4 31. Bf4 c3 32. Nh6+ Kf8 33. Bd6+ Ke8 34. Re7+ 1-0

[Event "Titled Tuesday intern op 30th Apr Early"]
[Site "Chess.com INT"]
[Date "2024.04.30"]
[Round "5"]
[White "Skliarov, Viktor"]
[Black "Aakash, G2."]
[Result "1-0"]
[WhiteElo "2345"]
[BlackElo "2241"]
[PlyCount "63"]
[EventDate "2024.04.30"]
[EventType "swiss (blitz)"]
[EventRounds "11"]
[EventCountry "USA"]
[SourceTitle "CB19_2024"]
[SourceDate "2024.05.08"]
[SourceVersion "1"]
[SourceVersionDate "2024.05.08"]
[SourceQuality "1"]

1. e4 c5 2. Nf3 d6 3. d4 cxd4 4. Qxd4 Nc6 5. Bb5 Bd7 6. Bxc6 Bxc6 7. Nc3 Nf6 8. Bg5 e6 9. 0-0-0 Be7 10. Rhe1 0-0 11. Kb1 Qa5 12. Qd2 Qb6 13. Nd4 Rac8 14. f3 Bd7 15. g4 Rfe8 16. h4 h6 17. Be3 Qa5 18. g5 hxg5 19. hxg5 Nh5 20. f4 Rc4 21. Qe2 Rxc3 22. Qxh5 g6 23. Qh2 Bf8 24. Bd2 Rec8 25. Bxc3 Rxc3 26. bxc3 Bg7 27. Qd2 Ba4 28. e5 dxe5 29. fxe5 Bxe5 30. Nb3 Qb5 31. Qd8+ Kg7 32. Rh1 1-0

[Event "Titled Tuesday intern op 30th Apr Early"]
[Site "Chess.com INT"]
[Date "2024.04.30"]
[Round "7"]
[White "Skliarov, Viktor"]
[Black "Soraas, Torben"]
[Result "1-0"]
[WhiteElo "2345"]
[BlackElo "2121"]
[PlyCount "59"]
[EventDate "2024.04.30"]
[EventType "swiss (blitz)"]
[EventRounds "11"]
[EventCountry "USA"]
[SourceTitle "CB19_2024"]
[SourceDate "2024.05.08"]
[SourceVersion "1"]
[SourceVersionDate "2024.05.08"]
[SourceQuality "1"]

1. e4 e6 2. d4 d5 3. e5 c5 4. c3 Nc6 5. Nf3 f5 6. a3 a6 7. Bd3 Bd7 8. g4 fxg4 9. Ng5 cxd4 10. cxd4 Nxd4 11. Bxh7 Rxh7 12. Qxd4 Rh5 13. Qxg4 g6 14. Bf4 Nh6 15. Qg2 Qa5+ 16. Nd2 0-0-0 17. Rc1+ Kb8 18. 0-0 Nf5 19. Ndf3 Be7 20. Nf7 Rf8 21. Nd6 Rfh8 22. Qxg6 Qa4 23. b4 Qb3 24. Qg2 R8h7 25. Nxf5 exf5 26. e6+ Ka7 27. exd7 Bg5 28. Bxg5 Rg7 29. Be3+ Kb8 30. Qxg7 1-0

[Event "Titled Tuesday intern op 16th Apr Early"]
[Site "Chess.com INT"]
[Date "2024.04.16"]
[Round "4"]
[White "Skliarov, Viktor"]
[Black "Paikens, Reinis"]
[Result "1-0"]
[WhiteElo "2345"]
[BlackElo "2179"]
[PlyCount "97"]
[EventDate "2024.04.16"]
[EventType "swiss (blitz)"]
[EventRounds "11"]
[EventCountry "USA"]
[SourceTitle "CB17_2024"]
[SourceDate "2024.04.24"]
[SourceVersion "1"]
[SourceVersionDate "2024.04.24"]
[SourceQuality "1"]

1. e4 e5 2. Nc3 Nc6 3. Bc4 Nf6 4. d3 Bb4 5. Bg5 h6 6. Bxf6 Qxf6 7. Nge2 0-0 8. 0-0 Ne7 9. f4 exf4 10. Rxf4 Qg6 11. Ng3 d5 12. Nxd5 Nxd5 13. Bxd5 Bd6 14. Rf2 Bxg3 15. hxg3 Qxg3 16. Qh5 Be6 17. Raf1 Bxd5 18. Qxd5 c6 19. Qd7 Qe3 20. Kh2 Rad8 21. Qxb7 Rb8 22. Qxc6 Rxb2 23. Rxf7 Rxf7 24. Qe8+ Kh7 25. Qxf7 Qg5 26. Qf5+ Qxf5 27. Rxf5 Rxc2 28. Ra5 Rc7 29. Kg3 Kg6 30. Kf4 Rd7 31. Ra6+ Kh5 32. Ke3 g5 33. d4 g4 34. g3 Rf7 35. e5 Rf3+ 36. Ke2 Rxg3 37. e6 Kg6 38. d5 Kf6 39. Rxa7 Rg2+ 40. Ke3 Rg1 41. Rf7+ Ke5 42. e7 Kd6 43. Ke2 Kd7 44. d6 Rg2+ 45. Kf1 Rg3 46. Rf8 Re3 47. Rd8+ Kc6 48. e8Q+ Rxe8 49. Rxe8 1-0

[Event "Titled Tuesday intern op 16th Apr Early"]
[Site "Chess.com INT"]
[Date "2024.04.16"]
[Round "5"]
[White "Skliarov, Viktor"]
[Black "Seo, Jung Min"]
[Result "0-1"]
[WhiteElo "2345"]
[BlackElo "2455"]
[PlyCount "96"]
[EventDate "2024.04.16"]
[EventType "swiss (blitz)"]
[EventRounds "11"]
[EventCountry "USA"]
[SourceTitle "CB17_2024"]
[SourceDate "2024.04.24"]
[SourceVersion "1"]
[SourceVersionDate "2024.04.24"]
[SourceQuality "1"]

1. e4 c5 2. Nf3 Nc6 3. Bb5 Na5 4. Be2 e6 5. 0-0 Nf6 6. e5 Nd5 7. c4 Ne7 8. b3 Nac6 9. Bb2 Ng6 10. Re1 Be7 11. Bf1 0-0 12. d4 cxd4 13. Na3 d6 14. exd6 Bxd6 15. Nxd4 Nxd4 16. Qxd4 e5 17. Qc3 Qe7 18. Nc2 f6 19. b4 Be6 20. c5 Bc7 21. Bc4 Kh8 22. Ne3 Rfd8 23. Rad1 Nf4 24. g3 Nh3+ 25. Kg2 Ng5 26. Nd5 Qf7 27. Nxc7 Qxc7 28. Bxe6 Qc6+ 29. f3 Nxe6 30. Qc4 Ng5 31. Qg4 Qa4 32. Rxd8+ Rxd8 33. Re2 Qxa2 34. h4 Nf7 35. f4 Qc4 36. Qf3 exf4 37. gxf4 Qxb4 38. h5 Qxc5 39. Qxb7 Nh6 40. Bxf6 gxf6 41. Re7 Rg8+ 42. Kf3 Qc3+ 43. Ke4 Qc4+ 44. Kf3 Qd3+ 45. Kf2 Ng4+ 46. Ke1 Rd8 47. h6 Nxh6 48. Rc7 Re8+ 0-1

[Event "Titled Tuesday intern op 02nd Apr Early"]
[Site "Chess.com INT"]
[Date "2024.04.02"]
[Round "10"]
[White "Efimenko, Zahar"]
[Black "Skliarov, Viktor"]
[Result "1-0"]
[WhiteElo "2565"]
[BlackElo "2345"]
[PlyCount "109"]
[EventDate "2024.04.02"]
[EventType "swiss (blitz)"]
[EventRounds "11"]
[EventCountry "USA"]
[SourceTitle "CB15_2024"]
[SourceDate "2024.04.10"]
[SourceVersion "1"]
[SourceVersionDate "2024.04.10"]
[SourceQuality "1"]

1. Nf3 c5 2. e4 Nc6 3. Nc3 Nf6 4. Bb5 Nd4 5. e5 Nxb5 6. Nxb5 Nd5 7. 0-0 a6 8. Nc3 Nxc3 9. dxc3 d5 10. exd6 Qxd6 11. Qe2 Bg4 12. Rd1 Qe6 13. Be3 Qc6 14. Rd2 Bxf3 15. Qxf3 Qxf3 16. gxf3 e6 17. Rad1 Be7 18. Rd7 Rd8 19. Rxd8+ Bxd8 20. Bxc5 h5 21. Be3 h4 22. h3 Rh5 23. c4 Rf5 24. Kg2 Bf6 25. b3 Be7 26. a4 g5 27. Rd4 Bc5 28. Rg4 Bxe3 29. fxe3 f6 30. Kf2 a5 31. f4 Ke7 32. Ke2 Rc5 33. fxg5 fxg5 34. Rd4 b6 35. Rd1 Rf5 36. Rg1 Kd6 37. e4 Re5 38. Kd3 Ke7 39. Kd4 Rc5 40. e5 Rc8 41. Rxg5 Rd8+ 42. Ke3 Rd1 43. Rg7+ Ke8 44. Rh7 Re1+ 45. Kd4 Rd1+ 46. Kc3 Re1 47. Rxh4 Rxe5 48. Rh7 Re2 49. Rb7 Re3+ 50. Kd4 Rxh3 51. Rxb6 Ke7 52. Ra6 Rh2 53. Rxa5 Rxc2 54. Rb5 Ra2 55. a5 1-0

[Event "Titled Tuesday intern op 02nd Apr Early"]
[Site "Chess.com INT"]
[Date "2024.04.02"]
[Round "9"]
[White "Skliarov, Viktor"]
[Black "Md, Bashiq Imrose"]
[Result "1-0"]
[WhiteElo "2345"]
[BlackElo "2140"]
[PlyCount "49"]
[EventDate "2024.04.02"]
[EventType "swiss (blitz)"]
[EventRounds "11"]
[EventCountry "USA"]
[SourceTitle "CB15_2024"]
[SourceDate "2024.04.10"]
[SourceVersion "1"]
[SourceVersionDate "2024.04.10"]
[SourceQuality "1"]

1. e4 c6 2. d4 d5 3. e5 Bf5 4. Nf3 e6 5. Be2 c5 6. Be3 Qb6 7. Nc3 Nc6 8. 0-0 Qxb2 9. Qe1 cxd4 10. Bxd4 Nxd4 11. Nxd4 Bb4 12. Rb1 Bxc3 13. Rxb2 Bxe1 14. Rxe1 b6 15. Bb5+ Kf8 16. Nxf5 exf5 17. Rd1 Ne7 18. c4 dxc4 19. Rd7 g5 20. Bxc4 Rc8 21. Bf1 Ng6 22. e6 fxe6 23. Rb7 Rc6 24. Rd2 Ne7 25. Rd8+ 1-0

[Event "Titled Tuesday intern op 13th Feb Early"]
[Site "Chess.com INT"]
[Date "2024.02.13"]
[Round "9"]
[White "Skliarov, Viktor"]
[Black "Jocev, Milan"]
[Result "0-1"]
[WhiteElo "2349"]
[BlackElo "2303"]
[PlyCount "84"]
[EventDate "2024.02.13"]
[EventType "swiss (blitz)"]
[EventRounds "11"]
[EventCountry "USA"]
[SourceTitle "CB08_2024"]
[SourceDate "2024.02.21"]
[SourceVersion "1"]
[SourceVersionDate "2024.02.21"]
[SourceQuality "1"]

1. e4 c6 2. d4 d5 3. e5 Bf5 4. Nf3 e6 5. Be2 Bb4+ 6. c3 Ba5 7. b4 Bc7 8. Bf4 Ne7 9. 0-0 Nd7 10. Nbd2 0-0 11. Bg3 Qb8 12. Re1 Ng6 13. Nf1 f6 14. exf6 Rxf6 15. Ne3 Bxg3 16. hxg3 e5 17. Nxf5 Rxf5 18. dxe5 Ngxe5 19. Nd4 Rf6 20. f4 Ng6 21. Bg4 Qc7 22. Be6+ Kh8 23. Qh5 a5 24. a3 Ndf8 25. Bf5 c5 26. bxc5 Qxc5 27. Re3 a4 28. Kf2 Ne7 29. Bc2 Nfg6 30. Rh1 h6 31. Kf3 Raf8 32. Ne6 Qd6 33. Nxg7 Rxf4+ 34. gxf4 Qxf4+ 35. Ke2 Kxg7 36. Bxg6 Nxg6 37. Qh2 Qf2+ 38. Kd3 Nf4+ 39. Kd4 Qd2+ 40. Kc5 Qxe3+ 41. Kb4 Qb6+ 42. Kxa4 Ra8# 0-1

[Event "Titled Tuesday intern op 13th Feb Early"]
[Site "Chess.com INT"]
[Date "2024.02.13"]
[Round "3"]
[White "Skliarov, Viktor"]
[Black "Melikhov, Evgeny V"]
[Result "1-0"]
[WhiteElo "2349"]
[BlackElo "2172"]
[PlyCount "99"]
[EventDate "2024.02.13"]
[EventType "swiss (blitz)"]
[EventRounds "11"]
[EventCountry "USA"]
[SourceTitle "CB08_2024"]
[SourceDate "2024.02.21"]
[SourceVersion "1"]
[SourceVersionDate "2024.02.21"]
[SourceQuality "1"]

1. e4 e5 2. Nc3 Nf6 3. Bc4 Nc6 4. d3 Na5 5. Nge2 Nxc4 6. dxc4 d6 7. Ng3 Be6 8. b3 Qd7 9. h3 c6 10. Bg5 Be7 11. Qf3 0-0-0 12. Rd1 h6 13. Bxf6 Bxf6 14. 0-0 Qe7 15. Nf5 Bxf5 16. exf5 g6 17. Rd3 gxf5 18. Qxf5+ Qe6 19. Rf3 Qxf5 20. Rxf5 Bg7 21. Rxf7 Rd7 22. Rxd7 Kxd7 23. Rd1 Ke6 24. Ne4 Rd8 25. Nc5+ Ke7 26. Nxb7 Rb8 27. Nxd6 Ke6 28. Ne4 Bf8 29. Kf1 Be7 30. Ke2 Rf8 31. g4 h5 32. f3 Rh8 33. g5 h4 34. Rg1 Kf5 35. g6 Rg8 36. g7 Ke6 37. Ke3 Kf7 38. f4 exf4+ 39. Kxf4 Rxg7 40. Rxg7+ Kxg7 41. Ke5 Kg6 42. Ke6 Ba3 43. c3 Bb2 44. b4 a6 45. a4 Bc1 46. b5 cxb5 47. cxb5 axb5 48. axb5 Be3 49. c4 Bg1 50. c5 1-0

[Event "Titled Tuesday intern op 13th Feb Early"]
[Site "Chess.com INT"]
[Date "2024.02.13"]
[Round "6"]
[White "Skliarov, Viktor"]
[Black "Travkina, Anastasia"]
[Result "1-0"]
[WhiteElo "2349"]
[BlackElo "2202"]
[PlyCount "21"]
[EventDate "2024.02.13"]
[EventType "swiss (blitz)"]
[EventRounds "11"]
[EventCountry "USA"]
[SourceTitle "CB08_2024"]
[SourceDate "2024.02.21"]
[SourceVersion "1"]
[SourceVersionDate "2024.02.21"]
[SourceQuality "1"]

1. e4 c5 2. Nf3 d6 3. d4 cxd4 4. Qxd4 Nc6 5. Bb5 Bd7 6. Bxc6 Bxc6 7. Nc3 h6 8. 0-0 e5 9. Qd3 Nf6 10. b4 Qd7 11. b5 1-0

[Event "Titled Tuesday intern op 06th Feb Early"]
[Site "Chess.com INT"]
[Date "2024.02.06"]
[Round "5"]
[White "Zakhartsov, Vladimir"]
[Black "Skliarov, Viktor"]
[Result "1-0"]
[WhiteElo "2504"]
[BlackElo "2349"]
[PlyCount "77"]
[EventDate "2024.02.06"]
[EventType "swiss (blitz)"]
[EventRounds "11"]
[EventCountry "USA"]
[SourceTitle "CB07_2024"]
[SourceDate "2024.02.14"]
[SourceVersion "1"]
[SourceVersionDate "2024.02.14"]
[SourceQuality "1"]

1. Nf3 g6 2. d4 Bg7 3. e4 d6 4. c3 Nf6 5. Bd3 0-0 6. 0-0 Bg4 7. Nbd2 c5 8. d5 Nbd7 9. h3 Bxf3 10. Nxf3 Qc7 11. Qe2 Rac8 12. a4 c4 13. Bc2 Nc5 14. Re1 Na6 15. Be3 Nd7 16. Nd4 b6 17. Nc6 Ne5 18. Nd4 Nc5 19. Nb5 Qb7 20. Na3 Ncd3 21. Reb1 f5 22. exf5 Qxd5 23. fxg6 Nxg6 24. Rd1 Nh4 25. Qg4 Nf5 26. Bg5 e5 27. b3 e4 28. Nxc4 Rxc4 29. bxc4 Qe5 30. Bxd3 exd3 31. Rxd3 Rc8 32. Rad1 Qe6 33. Rxd6 Qf7 34. Rd7 Qg6 35. Rd8+ Rxd8 36. Rxd8+ Kf7 37. Rd7+ Kg8 38. Rd5 h5 39. Qxf5 1-0

[Event "Titled Tuesday intern op 16th Jan Early"]
[Site "Chess.com INT"]
[Date "2024.01.16"]
[Round "8"]
[White "Balint, Peter1"]
[Black "Skliarov, Viktor"]
[Result "1-0"]
[WhiteElo "2212"]
[BlackElo "2349"]
[PlyCount "75"]
[EventDate "2024.01.16"]
[EventType "swiss (blitz)"]
[EventRounds "11"]
[EventCountry "USA"]
[SourceTitle "CB04_2024"]
[SourceDate "2023.10.16"]
[SourceVersion "1"]
[SourceVersionDate "2023.10.16"]
[SourceQuality "1"]

1. e4 c5 2. Nf3 Nc6 3. Bb5 e6 4. Bxc6 bxc6 5. b3 d6 6. e5 d5 7. 0-0 Ba6 8. d3 c4 9. bxc4 dxc4 10. d4 c5 11. c3 Qd7 12. Ba3 Nh6 13. Nbd2 cxd4 14. Bxf8 Kxf8 15. Nxd4 Nf5 16. Ne4 Nxd4 17. Nc5 Qc6 18. Qxd4 Rc8 19. Ne4 Bb7 20. f3 Qb6 21. Qxb6 axb6 22. Nd6 Rc7 23. Rab1 Bd5 24. Rxb6 Ke7 25. a4 Ra8 26. Ra1 Rca7 27. Rb4 f6 28. f4 g5 29. Nb5 Rd7 30. exf6+ Kxf6 31. fxg5+ Kxg5 32. g3 Kf5 33. a5 Ke4 34. a6 Kd3 35. Rb2 Bc6 36. Rd1+ Ke3 37. Nd4 e5 38. Re2# 1-0

[Event "Titled Tuesday intern op 16th Jan Early"]
[Site "Chess.com INT"]
[Date "2024.01.16"]
[Round "6"]
[White "Herman, Daniel"]
[Black "Skliarov, Viktor"]
[Result "0-1"]
[WhiteElo "1927"]
[BlackElo "2349"]
[PlyCount "86"]
[EventDate "2024.01.16"]
[EventType "swiss (blitz)"]
[EventRounds "11"]
[EventCountry "USA"]
[SourceTitle "CB04_2024"]
[SourceDate "2023.10.16"]
[SourceVersion "1"]
[SourceVersionDate "2023.10.16"]
[SourceQuality "1"]

1. Nf3 g6 2. e4 c5 3. c3 Bg7 4. d4 cxd4 5. cxd4 d5 6. e5 Bf5 7. Nc3 Nc6 8. Qb3 e6 9. Qxb7 Nge7 10. Bb5 Qc8 11. Qxc8+ Rxc8 12. Bg5 0-0 13. 0-0 h6 14. Bf6 g5 15. Bxg7 Kxg7 16. Rfd1 Rb8 17. Rac1 Na5 18. b4 Nc4 19. Bxc4 dxc4 20. a3 Nd5 21. Na4 Rfc8 22. Nc5 c3 23. Ne1 Rb5 24. Nc2 a5 25. Ne3 Nxe3 26. fxe3 c2 27. Re1 axb4 28. axb4 Rxb4 29. e4 Bg6 30. Rxc2 Rd8 31. Ra2 Rbxd4 32. Ra7 Kh8 33. Rf1 Rd1 34. Rxd1 Rxd1+ 35. Kf2 Rd8 36. Nd7 Bxe4 37. Nf6 Bg6 38. h4 gxh4 39. Kf3 Kg7 40. Kg4 Rd4+ 41. Kh3 Bf5+ 42. Kh2 Be4 43. Ra8 Bxa8 0-1

[Event "Titled Tuesday intern op 16th Jan Early"]
[Site "Chess.com INT"]
[Date "2024.01.16"]
[Round "2"]
[White "Skliarov, Viktor"]
[Black "Nakamura, Hikaru"]
[Result "0-1"]
[WhiteElo "2349"]
[BlackElo "2788"]
[PlyCount "122"]
[EventDate "2024.01.16"]
[EventType "swiss (blitz)"]
[EventRounds "11"]
[EventCountry "USA"]
[SourceTitle "CB04_2024"]
[SourceDate "2023.10.16"]
[SourceVersion "1"]
[SourceVersionDate "2023.10.16"]
[SourceQuality "1"]

1. e4 b6 2. d4 Bb7 3. Bd3 e6 4. Qe2 d5 5. e5 c5 6. c3 Qc8 7. Nf3 Ba6 8. Bb5+ Bxb5 9. Qxb5+ Nd7 10. 0-0 Ne7 11. a4 Nf5 12. Na3 c4 13. a5 a6 14. Qa4 b5 15. Qd1 Ne7 16. Ng5 h6 17. Qh5 g6 18. Qh3 Bg7 19. Nf3 Nc6 20. Nc2 Qc7 21. Nh4 Nf8 22. f4 Nxa5 23. g4 Nb3 24. Ra2 h5 25. f5 Nxc1 26. Rxc1 Bh6 27. Rca1 hxg4 28. Qf1 gxf5 29. Rxa6 Rxa6 30. Rxa6 Bg5 31. Nxf5 exf5 32. Qxf5 Bd8 33. Nb4 Qd7 34. Qxd7+ Kxd7 35. Nxd5 Ne6 36. Ra7+ Ke8 37. Rb7 Ng5 38. Rxb5 Nf3+ 39. Kg2 Kd7 40. Ne3 Rxh2+ 41. Kg3 Rh1 42. Kxg4 Nd2 43. Rb7+ Ke6 44. d5+ Kxe5 45. Rxf7 Rg1+ 46. Kh3 Ke4 47. Ng4 Rb1 48. d6 Kd5 49. d7 Ke6 50. Rh7 Rxb2 51. Ne3 Rb3 52. Nxc4 Rxc3+ 53. Kg2 Nxc4 54. Kf2 Ne5 55. Ke2 Nxd7 56. Kd2 Rc6 57. Kd3 Nf6 58. Rh8 Ba5 59. Ke2 Rc3 60. Kf2 Bb6+ 61. Ke2 Kf5 0-1

[Event "Titled Tuesday intern op 09th Jan Early"]
[Site "Chess.com INT"]
[Date "2024.01.09"]
[Round "10"]
[White "Shevchuk, Olexandr"]
[Black "Skliarov, Viktor"]
[Result "0-1"]
[WhiteElo "2093"]
[BlackElo "2349"]
[PlyCount "80"]
[EventDate "2024.01.09"]
[EventType "swiss (blitz)"]
[EventRounds "11"]
[EventCountry "USA"]
[SourceTitle "CB03_2024"]
[SourceDate "2024.01.17"]
[SourceVersion "1"]
[SourceVersionDate "2024.01.17"]
[SourceQuality "1"]

1. d4 Nf6 2. c4 e6 3. g3 c5 4. d5 exd5 5. cxd5 b5 6. e4 Nxe4 7. Bg2 Nd6 8. Ne2 Be7 9. 0-0 0-0 10. Bf4 Na6 11. Nd2 Bb7 12. Nc3 Nc7 13. Re1 b4 14. Bxd6 Bxd6 15. Nce4 Nb5 16. Nc4 Be7 17. a3 bxa3 18. bxa3 Rb8 19. Rb1 Ba8 20. d6 Bf6 21. Nxf6+ Qxf6 22. Bxa8 Nc3 23. Rxb8 Nxd1 24. Rxf8+ Kxf8 25. Rxd1 Qc3 26. Ne3 g6 27. Bd5 Qxa3 28. h4 h5 29. Rb1 a5 30. Rb7 a4 31. Rxd7 Qa1+ 32. Kg2 Qe5 33. Rd8+ Kg7 34. Rd7 a3 35. Rxf7+ Kh6 36. Rd7 c4 37. Bxc4 Qe4+ 38. Kh2 Qd4 39. Ra7 Qxa7 40. d7 Qxd7 0-1

[Event "Titled Tuesday intern op 09th Jan Early"]
[Site "Chess.com INT"]
[Date "2024.01.09"]
[Round "2"]
[White "Shimanov, Aleksandr"]
[Black "Skliarov, Viktor"]
[Result "0-1"]
[WhiteElo "2578"]
[BlackElo "2349"]
[PlyCount "158"]
[EventDate "2024.01.09"]
[EventType "swiss (blitz)"]
[EventRounds "11"]
[EventCountry "USA"]
[SourceTitle "CB03_2024"]
[SourceDate "2024.01.17"]
[SourceVersion "1"]
[SourceVersionDate "2024.01.17"]
[SourceQuality "1"]

1. g3 g6 2. d4 Bg7 3. Bg2 Nf6 4. e4 0-0 5. Ne2 d6 6. 0-0 c5 7. Nbc3 cxd4 8. Nxd4 Nc6 9. Nxc6 bxc6 10. Qd2 Rb8 11. b3 Qa5 12. Bb2 Qh5 13. f3 Bh3 14. Rad1 Bxg2 15. Kxg2 Rfd8 16. Qe2 Qa5 17. Na4 Nd7 18. Bxg7 Kxg7 19. Qf2 Nb6 20. Nxb6 axb6 21. a4 b5 22. Ra1 Qc3 23. Rfd1 bxa4 24. Rxa4 c5 25. Rd3 Qb2 26. Ra7 Re8 27. Qd2 Ra8 28. Rd7 Ra2 29. Rc3 Ra1 30. e5 Qb1 31. Qe2 Qg1+ 32. Kh3 Re1 33. Qg2 Qd4 34. Rd3 Qxe5 35. g4 Re2 36. Qg3 Qe6 37. Ra7 h5 38. Qf4 hxg4+ 39. Kg3 Rh8 40. Qxg4 Qe5+ 41. f4 Re3+ 42. Rxe3 Qxe3+ 43. Kg2 Qd2+ 44. Kf3 Qd1+ 45. Kg3 Qg1+ 46. Kf3 Qxh2 47. Rxe7 Rh3+ 48. Ke4 Qxc2+ 49. Kd5 Qxb3+ 50. Kc6 Rh8 51. Qd7 Rf8 52. Qxd6 Qc3 53. Qd5 c4 54. Kd7 Qd3 55. Qxd3 cxd3 56. Re3 Rh8 57. Rxd3 Rh4 58. Rd4 Kf6 59. Ke8 Rh8+ 60. Kd7 Kf5 61. Ke7 Rh7 62. Ra4 f6+ 63. Kd6 Rh4 64. Ra5+ Kxf4 65. Ke6 f5 66. Kf6 Rg4 67. Ra4+ Kg3 68. Ra3+ Kh4 69. Ra8 Rg3 70. Ra4+ Kh3 71. Rb4 Rg4 72. Rb3+ Kh4 73. Rb1 f4 74. Rh1+ Kg3 75. Rg1+ Kf3 76. Rf1+ Kg2 77. Ra1 f3 78. Ra2+ f2 79. Rb2 Kg1 0-1

[Event "Titled Tuesday intern op 09th Jan Early"]
[Site "Chess.com INT"]
[Date "2024.01.09"]
[Round "6"]
[White "Skliarov, Viktor"]
[Black "Kukhmazov, Arsen"]
[Result "1/2-1/2"]
[WhiteElo "2349"]
[BlackElo "2498"]
[PlyCount "73"]
[EventDate "2024.01.09"]
[EventType "swiss (blitz)"]
[EventRounds "11"]
[EventCountry "USA"]
[SourceTitle "CB03_2024"]
[SourceDate "2024.01.17"]
[SourceVersion "1"]
[SourceVersionDate "2024.01.17"]
[SourceQuality "1"]

1. e4 c6 2. d4 d5 3. e5 Bf5 4. Nf3 e6 5. Be2 Nd7 6. 0-0 f6 7. a4 fxe5 8. dxe5 a5 9. Na3 Bc5 10. c3 Ne7 11. Nc2 0-0 12. b4 Bb6 13. Ncd4 Ng6 14. Nxf5 Rxf5 15. Bd3 Rf8 16. Ng5 Ndxe5 17. Qh5 h6 18. Bxg6 Nxg6 19. Nxe6 Qf6 20. Nxf8 Rxf8 21. Be3 Bc7 22. Bd4 Qf7 23. g3 Kh7 24. Rae1 Ra8 25. Re3 axb4 26. cxb4 Rxa4 27. Rfe1 Rxb4 28. Re7 Qxe7 29. Rxe7 Nxe7 30. Qf7 Rxd4 31. Qxe7 Ba5 32. Qxb7 Rc4 33. Qb1+ Kg8 34. Qb8+ Kh7 35. Qb1+ Kg8 36. Qb8+ Kh7 37. Qb1+ 1/2-1/2

[Event "Titled Tuesday intern op 09th Jan Early"]
[Site "Chess.com INT"]
[Date "2024.01.09"]
[Round "5"]
[White "Skliarov, Viktor"]
[Black "Mahdavi, Reza"]
[Result "1-0"]
[WhiteElo "2349"]
[BlackElo "2312"]
[PlyCount "129"]
[EventDate "2024.01.09"]
[EventType "swiss (blitz)"]
[EventRounds "11"]
[EventCountry "USA"]
[SourceTitle "CB03_2024"]
[SourceDate "2024.01.17"]
[SourceVersion "1"]
[SourceVersionDate "2024.01.17"]
[SourceQuality "1"]

1. e4 c6 2. d4 d5 3. e5 Bf5 4. Nf3 e6 5. Be2 Nd7 6. 0-0 a5 7. a4 f6 8. Na3 fxe5 9. dxe5 Bc5 10. c3 Ne7 11. Nc2 0-0 12. b4 axb4 13. cxb4 Ba7 14. Ncd4 Qe8 15. Nxf5 Nxf5 16. Bb2 Qg6 17. Bd3 Qg4 18. Bc3 Nh4 19. Nxh4 Qxh4 20. g3 Qg5 21. Qe2 Rf7 22. Kg2 Raf8 23. f4 Qh6 24. h4 g6 25. a5 Qg7 26. a6 b6 27. Qg4 Re8 28. Rh1 Nf8 29. Rac1 c5 30. Bb5 Rd8 31. h5 gxh5 32. Qxg7+ Rxg7 33. Rxh5 Ng6 34. Kf3 Ne7 35. g4 d4 36. Bd2 Nd5 37. bxc5 bxc5 38. f5 Rb8 39. Bc4 Rb2 40. fxe6 Rxd2 41. Bxd5 Re7 42. Rb1 Rd3+ 43. Ke2 Re3+ 44. Kd2 c4 45. Bxc4 Rc3 46. Bd5 Rcc7 47. Rb7 Kg7 48. Rg5+ Kh6 49. Rf5 Kg6 50. Rf7 Rxb7 51. axb7 Rxf7 52. exf7 Kg7 53. Kd3 Kf8 54. Ke4 Ke7 55. e6 Kf8 56. Bc6 Ke7 57. Bb5 Bb8 58. Bc4 Ba7 59. Ke5 h6 60. Kd5 Bb8 61. Kxd4 Kf8 62. Kd5 Ke7 63. Kc6 Bh2 64. f8Q+ Kxf8 65. Kd7 1-0

[Event "Titled Tuesday intern op 19th Dec Early"]
[Site "Chess.com INT"]
[Date "2023.12.19"]
[Round "3"]
[White "Skliarov, Viktor"]
[Black "Rasulov, Vugar Ural Oglu"]
[Result "0-1"]
[WhiteElo "2349"]
[BlackElo "2538"]
[PlyCount "68"]
[EventDate "2023.12.19"]
[EventType "swiss (blitz)"]
[EventRounds "11"]
[EventCountry "USA"]
[SourceTitle "CB52_2023"]
[SourceDate "2023.12.27"]
[SourceVersion "1"]
[SourceVersionDate "2023.12.27"]
[SourceQuality "1"]

1. e4 e5 2. Nc3 Nf6 3. Bc4 Nc6 4. d3 Na5 5. Nge2 c6 6. 0-0 Be7 7. Ng3 d6 8. Bb3 0-0 9. f4 exf4 10. Bxf4 Nxb3 11. axb3 d5 12. e5 Ne8 13. d4 Nc7 14. Be3 Bg5 15. Qd2 h6 16. Bxg5 Qxg5 17. Qxg5 hxg5 18. Na4 b6 19. Rf2 Bd7 20. Rd1 f5 21. exf6 Rxf6 22. Rxf6 gxf6 23. Kf2 Kf7 24. Nc3 Kg6 25. h3 Ne6 26. Nb1 f5 27. c3 f4 28. Ne2 Rf8 29. Nd2 g4 30. hxg4 Ng5 31. Nf3 Ne4+ 32. Ke1 Bxg4 33. Ne5+ Kg5 34. Nxc6 Rh8 0-1

[Event "Titled Tuesday intern op 12th Dec Early"]
[Site "Chess.com INT"]
[Date "2023.12.12"]
[Round "9"]
[White "Finek, Vaclav"]
[Black "Skliarov, Viktor"]
[Result "1/2-1/2"]
[WhiteElo "2416"]
[BlackElo "2349"]
[PlyCount "157"]
[EventDate "2023.12.12"]
[EventType "swiss (blitz)"]
[EventRounds "11"]
[EventCountry "USA"]
[SourceTitle "CB51_2023"]
[SourceDate "2023.12.20"]
[SourceVersion "1"]
[SourceVersionDate "2023.12.20"]
[SourceQuality "1"]

1. d4 Nf6 2. g3 c5 3. d5 d6 4. c4 g6 5. Nc3 Bg7 6. Bg2 0-0 7. e4 Na6 8. Nge2 Nc7 9. 0-0 Bd7 10. a4 a6 11. a5 Rb8 12. Na4 Bxa4 13. Qxa4 b5 14. axb6 Rxb6 15. Qc2 Nd7 16. Ra2 Qb8 17. Bd2 Rxb2 18. Rxb2 Qxb2 19. Qxb2 Bxb2 20. Rb1 Rb8 21. Bh3 Ne5 22. Bc3 Nxc4 23. Bf1 Rb3 24. Be1 Na3 25. Rd1 Ncb5 26. Nc1 Bxc1 27. Rxc1 Rb1 28. Bd2 Rxc1 29. Bxc1 Nc2 30. f3 Ncd4 31. Kf2 a5 32. f4 a4 33. Bc4 a3 34. e5 Kf8 35. Ke3 f5 36. exf6 exf6 37. Kd3 f5 38. Kd2 Ke7 39. Kd3 Kd7 40. Bxb5+ Nxb5 41. Kc4 Nd4 42. Bxa3 Nf3 43. h3 Ng1 44. Bc1 Ne2 45. Be3 Nxg3 46. Bf2 Ne4 47. Bh4 Nd2+ 48. Kd3 Nf3 49. Bf6 Ke8 50. Bc3 Kf7 51. Kc4 h6 52. Kb5 Ke7 53. Bg7 h5 54. Bh6 Kd7 55. Kc4 Ng1 56. h4 Nf3 57. Kd3 Nxh4 58. Ke2 Ng2 59. Kf2 Nxf4 60. Bxf4 Kc7 61. Kg3 c4 62. Kf3 c3 63. Ke2 h4 64. Kd3 h3 65. Kxc3 g5 66. Bh2 f4 67. Kd4 Kb6 68. Ke4 Kc5 69. Bg1+ Kc4 70. Bh2 f3 71. Kxf3 Kxd5 72. Kg4 Ke6 73. Kxh3 d5 74. Kg4 d4 75. Bg1 d3 76. Be3 Kd5 77. Bd2 Ke4 78. Bxg5 d2 79. Bxd2 1/2-1/2